Loading...
| Fine Arts - Other | 0 | 4 | 0 | 0 | 40 | 91 | 102.75 | 1 | 3 | 7.04 | 27.50 |
| History - Other | 0 | 4 | 1 | 1 | 35 | 39 | 83.00 | 1 | 3 | 13.22 | 25.00 |
| Religion | 0 | 3 | 0 | 2 | 30 | 93 | 97.67 | 1 | 3 | 3.84 | 17.50 |
| History - European | 0 | 4 | 2 | 0 | 30 | 67 | 78.25 | 2 | 3 | 16.13 | 30.00 |
| History - World | 0 | 3 | 0 | 1 | 30 | 95 | 111.33 | 1 | 3 | 4.87 | 17.50 |
| Mythology | 0 | 3 | 0 | 0 | 30 | 61 | 71.00 | 1 | 3 | 13.85 | 20.00 |
| History - American | 0 | 3 | 1 | 1 | 25 | 69 | 95.33 | 0 | 3 | 6.97 | 12.50 |
| Science - Chemistry | 0 | 2 | 0 | 0 | 20 | 58 | 80.00 | 0 | 2 | 5.54 | 15.00 |
| Fine Arts - Painting and Sculpture | 0 | 2 | 0 | 0 | 20 | 73 | 78.50 | 0 | 2 | 7.39 | 10.00 |
| Philosophy | 0 | 1 | 0 | 0 | 10 | 98 | 98.00 | 0 | 1 | 1.62 | 5.00 |
| Literature - World | 0 | 1 | 0 | 0 | 10 | 77 | 77.00 | 1 | 1 | 4.58 | 10.00 |
| Geography | 0 | 1 | 0 | 1 | 10 | 131 | 131.00 | 0 | 0 | 0.00 | 12.50 |
| Science - Physics | 0 | 1 | 2 | 0 | 0 | 64 | 64.00 | 0 | 1 | 4.18 | 7.50 |
| Current Events | 0 | 0 | 1 | 0 | -5 | 0.00 | 0 | 0 | 0.00 | 0.00 | |
| Popular Culture | 0 | 0 | 1 | 0 | -5 | 0.00 | 0 | 0 | 0.00 | 0.00 | |
| Science - Biology | 0 | 0 | 2 | 0 | -10 | 0.00 | 0 | 0 | 0.00 | 0.00 | |
| Social Science | 0 | 0 | 2 | 0 | -10 | 0.00 | 0 | 0 | 0.00 | 0.00 |